[Event "RUS-chT rapid (Women)"]
[Site "Sochi"]
[Date "2018.10.09"]
[Round "6.1"]
[White "Pogonina, Natalija"]
[Black "Suslova, Alena"]
[Result "1-0"]
[WhiteElo "2485"]
[BlackElo "2157"]
[PlyCount "97"]
[EventDate "2018.10.08"]
[EventType "team-tourn (rapid)"]
[EventRounds "9"]
[EventCountry "RUS"]
[SourceTitle "CBM 186 Extra"]
[Source "ChessBase"]
[SourceDate "2018.08.24"]
[SourceVersion "1"]
[SourceVersionDate "2018.08.24"]
[SourceQuality "1"]
[WhiteTeam "Yugra (W)"]
[BlackTeam "Yuzhnyy Ural (W)"]
[WhiteTeamCountry "RUS"]
[BlackTeamCountry "RUS"]

1. d4 f5 2. g3 Nf6 3. Bg2 g6 4. c3 Bg7 5. Qb3 d5 6. c4 e6 7. Nf3 0-0 8. 0-0 Ne4 9. Bf4 Nc6 10. cxd5 exd5 11. Rd1 g5 12. Be5 Nxe5 13. Nxe5 c6 14. Nc3 Kh8 15. e3 Qe7 16. f3 Nd6 17. f4 Be6 18. Qa3 gxf4 19. exf4 Rfe8 20. Re1 Ne4 21. Qxe7 Rxe7 22. Rac1 Rd8 23. Na4 Bxe5 24. fxe5 Kg7 25. Nc5 Bc8 26. Nd3 Be6 27. Nf4 Bf7 28. b4 a6 29. Rc2 Ra8 30. Rb1 Be8 31. Bh3 Ng5 32. Kf2 Bg6 33. Bg2 Be8 34. Ke3 Rd8 35. h3 Bg6 36. a4 Ne4 37. Bxe4 fxe4 38. g4 Rf8 39. Rf1 Ra8 40. a5 Rf8 41. Rcf2 Rd8 42. h4 Bf7 43. g5 Rde8 44. h5 Rd8 45. Rg1 Rb8 46. g6 hxg6 47. hxg6 Be8 48. Rh2 Kg8 49. Rgh1 1-0

[Event "RUS-chT rapid (Women)"]
[Site "Sochi"]
[Date "2018.10.09"]
[Round "8.2"]
[White "Shuvalova, Polina"]
[Black "Suslova, Alena"]
[Result "1-0"]
[WhiteElo "2421"]
[BlackElo "2157"]
[PlyCount "77"]
[EventDate "2018.10.08"]
[EventType "team-tourn (rapid)"]
[EventRounds "9"]
[EventCountry "RUS"]
[SourceTitle "CBM 186 Extra"]
[Source "ChessBase"]
[SourceDate "2018.08.24"]
[SourceVersion "1"]
[SourceVersionDate "2018.08.24"]
[SourceQuality "1"]
[WhiteTeam "Moscow Legacy Square (W)"]
[BlackTeam "Yuzhnyy Ural (W)"]
[WhiteTeamCountry "RUS"]
[BlackTeamCountry "RUS"]

1. e4 c5 2. Nf3 Nc6 3. Bb5 Nd4 4. Nxd4 cxd4 5. 0-0 g6 6. d3 Bg7 7. Nd2 e6 8. Nc4 Qc7 9. e5 Bxe5 10. Nxe5 Qxe5 11. Ba4 Ne7 12. Re1 Qa5 13. c4 dxc3 14. bxc3 0-0 15. c4 f6 16. Ba3 Rf7 17. Rb1 Nf5 18. h3 Qc7 19. Rc1 b6 20. d4 Bb7 21. d5 Qf4 22. dxe6 dxe6 23. Rxe6 Nd4 24. Re3 Nf5 25. Rd3 h5 26. c5 bxc5 27. Bb3 Qe4 28. f3 Qe8 29. Bxc5 Nh6 30. Be3 g5 31. Rc7 Ba6 32. Rdc3 Rd8 33. Qc1 Kg7 34. Bxg5 fxg5 35. Qxg5+ Kh7 36. Bc2+ Bd3 37. Rxd3 Qe1+ 38. Kh2 Rxc7 39. Rd7+ 1-0

[Event "RUS-chT (Women)"]
[Site "Sochi"]
[Date "2018.05.10"]
[Round "9.6"]
[White "Suslova, Alena"]
[Black "Yakimenko, Viktoria"]
[Result "0-1"]
[WhiteElo "2153"]
[BlackElo "2048"]
[PlyCount "120"]
[EventDate "2018.05.01"]
[EventType "team-tourn"]
[EventRounds "9"]
[EventCountry "RUS"]
[SourceTitle "CBM 184 Extra"]
[Source "ChessBase"]
[SourceDate "2018.06.28"]
[SourceVersion "1"]
[SourceVersionDate "2018.06.28"]
[SourceQuality "1"]
[WhiteTeam "Cheliabinsk Yuzhnyy Ural (W)"]
[BlackTeam "CVC Group (W)"]
[WhiteTeamCountry "RUS"]
[BlackTeamCountry "RUS"]

1. c4 f5 2. Nf3 Nf6 3. g3 e6 4. Bg2 c6 5. 0-0 Be7 6. b3 0-0 7. Bb2 d6 8. d4 b6 9. Nc3 Bb7 10. Qd3 d5 11. Ng5 Qd7 12. Qe3 Bc8 13. Rad1 Na6 14. Qc1 Nc7 15. Nf3 Bb7 16. Ne5 Qe8 17. Na4 Rc8 18. c5 b5 19. Nc3 b4 20. Nb1 a5 21. f3 Nd7 22. Nxd7 Qxd7 23. Rfe1 Qe8 24. Qc2 Bf6 25. e4 fxe4 26. fxe4 Qg6 27. Nd2 Nb5 28. Nf3 Rc7 29. Rd2 Qh5 30. Qd3 Ba6 31. Qe3 Rcf7 32. exd5 exd5 33. Qe6 Na7 34. g4 Qg6 35. g5 Bc8 36. Qd6 Bg4 37. gxf6 Rxf6 38. Ne5 Qg5 39. Bc1 Rxd6 40. cxd6 Bf5 41. Rf2 Qh4 42. Be3 Nb5 43. Nxc6 Nxd6 44. Bxd5+ Kh8 45. Bf4 Qg4+ 46. Bg3 h6 47. Rg2 Ne8 48. Be5 Qh5 49. Rg3 Nf6 50. Ne7 Ng4 51. Bxg7+ Kxg7 52. h3 Qh4 53. Nxf5+ Rxf5 54. Rxg4+ Rg5 55. Re7+ Kf8 56. Ree4 h5 57. Ref4+ Ke7 58. Rf7+ Ke8 59. Rh7 Qe1+ 60. Kh2 hxg4 0-1

[Event "RUS-chT (Women)"]
[Site "Sochi"]
[Date "2018.05.08"]
[Round "7.1"]
[White "Suslova, Alena"]
[Black "Ushenina, Anna"]
[Result "0-1"]
[WhiteElo "2153"]
[BlackElo "2443"]
[PlyCount "114"]
[EventDate "2018.05.01"]
[EventType "team-tourn"]
[EventRounds "9"]
[EventCountry "RUS"]
[SourceTitle "CBM 184 Extra"]
[Source "ChessBase"]
[SourceDate "2018.06.28"]
[SourceVersion "1"]
[SourceVersionDate "2018.06.28"]
[SourceQuality "1"]
[WhiteTeam "Cheliabinsk Yuzhnyy Ural (W)"]
[BlackTeam "Ugra (W)"]
[WhiteTeamCountry "RUS"]
[BlackTeamCountry "RUS"]

1. c4 c6 2. e4 d5 3. exd5 cxd5 4. cxd5 Nf6 5. Qa4+ Nbd7 6. Nc3 g6 7. Bc4 Bg7 8. d3 a6 9. Nf3 0-0 10. Qa3 b6 11. 0-0 Bb7 12. Re1 Re8 13. Ng5 Rc8 14. Bd2 b5 15. Bb3 Nc5 16. d6 e6 17. Nce4 Nfxe4 18. dxe4 Qxd6 19. Rad1 Qe5 20. Rb1 Qb8 21. Bc2 Nd7 22. Bd1 Ne5 23. Bf4 h6 24. Nf3 Nc4 25. Bxb8 Nxa3 26. bxa3 Rxb8 27. a4 b4 28. e5 Bf8 29. Nd2 Red8 30. Nc4 Rd4 31. Bb3 Rc8 32. Rbc1 Rc5 33. Nb2 Rc3 34. Rcd1 Bc5 35. Re2 Kg7 36. h3 Kf8 37. Kh2 Ke7 38. Red2 Rxd2 39. Rxd2 Ba7 40. Nd1 Rc1 41. f4 g5 42. g3 Bb8 43. h4 gxf4 44. gxf4 f6 45. exf6+ Kxf6 46. Kg3 Rc7 47. Nf2 h5 48. Nh3 Rc3+ 49. Kh2 Bf3 50. Rd4 a5 51. Ng5 Re3 52. Bxe6 Rxe6 53. Nxf3 Re2+ 54. Kg3 Rxa2 55. Rd5 Rxa4 56. Rxh5 b3 57. Rb5 Bxf4+ 0-1

[Event "Cheliabinsk Satka (Women)"]
[Site "Cheliabinsk"]
[Date "2017.12.12"]
[Round "4"]
[White "Suslova, Alena"]
[Black "Eidelson, Rakhil"]
[Result "1-0"]
[WhiteElo "2200"]
[BlackElo "2060"]
[PlyCount "59"]
[EventDate "2017.12.09"]
[EventType "tourn"]
[EventRounds "9"]
[EventCountry "RUS"]
[SourceTitle "CBM 182 Extra"]
[Source "ChessBase"]
[SourceDate "2018.02.23"]
[SourceVersion "1"]
[SourceVersionDate "2018.02.23"]
[SourceQuality "1"]

1. c4 Nf6 2. Nf3 g6 3. b3 Bg7 4. Bb2 d6 5. d4 Nbd7 6. g3 0-0 7. Bg2 e5 8. dxe5 Ng4 9. Nc3 dxe5 10. h3 Ngf6 11. 0-0 Re8 12. e3 h6 13. Qc2 c6 14. Rfd1 Qb6 15. Na4 Qc7 16. c5 e4 17. Nd2 Ne5 18. Nxe4 Nxe4 19. Qxe4 Bf5 20. Qh4 g5 21. Qh5 Qc8 22. e4 Bd7 23. Rd6 g4 24. Rxh6 Bxh6 25. Qxh6 Qd8 26. Rd1 Re6 27. Qd2 gxh3 28. Bxe5 hxg2 29. Bc3 Rxe4 30. Qh6 1-0

[Event "RUS-ch blitz (Women)"]
[Site "Sochi"]
[Date "2017.10.02"]
[Round "1"]
[White "Suslova, Alena"]
[Black "Pogonina, Natalija"]
[Result "0-1"]
[WhiteElo "2227"]
[BlackElo "2466"]
[PlyCount "84"]
[EventDate "2017.10.02"]
[EventType "swiss (blitz)"]
[EventRounds "20"]
[EventCountry "RUS"]
[SourceTitle "EXT 2018"]
[Source "ChessBase"]
[SourceDate "2017.10.13"]
[SourceVersion "1"]
[SourceVersionDate "2017.10.13"]
[SourceQuality "1"]

1. c4 e6 2. g3 d5 3. Bg2 dxc4 4. Qa4+ Nd7 5. Qxc4 Ngf6 6. Nf3 a6 7. 0-0 b5 8. Qc2 Bb7 9. b3 Be7 10. Bb2 0-0 11. d3 c5 12. Nbd2 Qb6 13. h4 h6 14. Ne4 Nxe4 15. dxe4 Rfd8 16. Rfd1 Nf6 17. e5 Nd5 18. a3 Rac8 19. e4 Nc7 20. Rac1 Ne8 21. Qe2 Rxd1+ 22. Rxd1 c4 23. Bd4 Qa5 24. bxc4 bxc4 25. Rc1 Qa4 26. Bb2 a5 27. Nd2 Ba6 28. Rc3 Qb5 29. Nf3 Qc5 30. Bf1 Rb8 31. Kg2 Nc7 32. Qc2 Qb6 33. Bc1 Nb5 34. Rxc4 Nxa3 35. Bxa3 Bxc4 36. Bxe7 Bxf1+ 37. Kxf1 Qb5+ 38. Kg2 a4 39. Bd6 Ra8 40. Qa2 a3 41. Nd4 Qb2 42. Qc4 a2 0-1

[Event "RUS-ch blitz (Women)"]
[Site "Sochi"]
[Date "2017.10.02"]
[Round "8"]
[White "Suslova, Alena"]
[Black "Styazhkina, Anna"]
[Result "0-1"]
[WhiteElo "2227"]
[BlackElo "2301"]
[PlyCount "53"]
[EventDate "2017.10.02"]
[EventType "swiss (blitz)"]
[EventRounds "20"]
[EventCountry "RUS"]
[SourceTitle "EXT 2018"]
[Source "ChessBase"]
[SourceDate "2017.10.13"]
[SourceVersion "1"]
[SourceVersionDate "2017.10.13"]
[SourceQuality "1"]

1. c4 e5 2. Nc3 Nf6 3. g3 d5 4. cxd5 Nxd5 5. Bg2 Nb6 6. Nf3 Nc6 7. 0-0 Be7 8. d3 0-0 9. a3 Be6 10. b4 f6 11. Bb2 a5 12. b5 Nd4 13. Nd2 c6 14. e3 Nxb5 15. Nxb5 cxb5 16. Bxb7 Rb8 17. Be4 Na4 18. Qb1 Qd7 19. Rc1 Nxb2 20. Qxb2 f5 21. Bc6 Qd6 22. Bxb5 Bf6 23. a4 Qxd3 24. Bxd3 Rxb2 25. Nc4 Rb4 26. Nd6 e4 27. Bf1 0-1

[Event "RUS-chT (Women)"]
[Site "Sochi"]
[Date "2017.05.07"]
[Round "6.4"]
[White "Ushenina, Anna"]
[Black "Suslova, Alena"]
[Result "1-0"]
[WhiteElo "2449"]
[BlackElo "2216"]
[PlyCount "125"]
[EventDate "2017.05.01"]
[EventType "team-tourn"]
[EventRounds "9"]
[EventCountry "RUS"]
[SourceTitle "CBM 178 Extra"]
[Source "ChessBase"]
[SourceDate "2017.06.22"]
[SourceVersion "1"]
[SourceVersionDate "2017.06.22"]
[SourceQuality "1"]
[WhiteTeam "Khanty Mansyisk Yugra (W)"]
[BlackTeam "Cheliabinsk Yuzhnyy Ural (W)"]
[WhiteTeamCountry "RUS"]
[BlackTeamCountry "RUS"]

1. d4 g6 2. Nf3 Bg7 3. c4 Nf6 4. Nc3 0-0 5. Bf4 d6 6. h3 Nc6 7. e3 Nd7 8. Be2 e5 9. Bh2 h6 10. 0-0 a5 11. a3 Kh7 12. Nb5 f5 13. Qc2 b6 14. Rfd1 Bb7 15. Rab1 exd4 16. exd4 Na7 17. Nc3 Nf6 18. d5 Nd7 19. Nd4 Bxd4 20. Rxd4 Qf6 21. Rdd1 Ne5 22. b4 axb4 23. axb4 Ba6 24. Qb3 Nc8 25. f4 Nd7 26. Kh1 Ne7 27. Bf3 Ng8 28. Ne2 Rfe8 29. Nd4 Nf8 30. Qc2 Qf7 31. c5 Bb7 32. cxd6 cxd6 33. Nb5 Red8 34. Bg1 Ra6 35. Qb3 Nf6 36. Rbc1 Rd7 37. Nc3 g5 38. b5 Ra8 39. Bxb6 Ng6 40. fxg5 hxg5 41. Qc2 g4 42. hxg4 fxg4 43. Ne4 Nxe4 44. Bxe4 Qf6 45. Kg1 Rg8 46. Qf2 Qg5 47. Qf5 Qxf5 48. Bxf5 Re7 49. Rc4 Rf8 50. Bxg4 Ne5 51. Re4 Rg7 52. Be2 Rf5 53. Be3 Kg8 54. b6 Rf6 55. Bf4 Rfg6 56. g3 Nd7 57. Re6 Nxb6 58. Bh5 Rxg3+ 59. Bxg3 Rxg3+ 60. Kf2 Rg5 61. Re8+ Kh7 62. Re7+ Kh6 63. Rxb7 1-0

[Event "Moscow op-B"]
[Site "Moscow"]
[Date "2014.02.09"]
[Round "9"]
[White "Bodnaruk, Anastasia"]
[Black "Suslova, Alena"]
[Result "1-0"]
[WhiteElo "2452"]
[BlackElo "2220"]
[PlyCount "111"]
[EventDate "2014.02.01"]
[EventType "swiss"]
[EventRounds "9"]
[EventCountry "RUS"]
[SourceTitle "CBM 158 Extra"]
[Source "ChessBase"]
[SourceDate "2014.02.28"]
[SourceVersion "1"]
[SourceVersionDate "2014.02.28"]
[SourceQuality "1"]

1. e4 c5 2. Nf3 Nc6 3. d4 cxd4 4. Nxd4 g6 5. c4 Bg7 6. Be3 Nf6 7. Nc3 Ng4 8. Qxg4 Nxd4 9. Qd1 Nc6 10. Qd2 0-0 11. Be2 d6 12. 0-0 Qa5 13. Rfc1 Be6 14. a3 Rfc8 15. b4 Qd8 16. Rab1 Ne5 17. Nd5 Ng4 18. Bg5 f6 19. Bf4 Ne5 20. Be3 Ng4 21. Nf4 Bd7 22. Bxg4 Bxg4 23. Qd5+ Kh8 24. Qxb7 g5 25. Nd3 Be6 26. Qa6 Qg8 27. c5 d5 28. f3 g4 29. Kf2 gxf3 30. Nf4 Bf7 31. gxf3 dxe4 32. fxe4 f5 33. exf5 Ba2 34. Ra1 Rf8 35. Qe2 Bb3 36. Qh5 Bf7 37. Qh3 e5 38. Ne2 Bg6 39. Ng3 Bxf5 40. Nxf5 Qe6 41. Kg1 Rxf5 42. Kh1 Raf8 43. Rg1 Qf7 44. Rg2 Rf3 45. Rg3 e4 46. Rag1 Be5 47. Rxf3 exf3 48. Bf2 Qf6 49. Qh4 Qc6 50. Qe7 Re8 51. Qf7 Rd8 52. Qf5 Re8 53. Re1 Qd5 54. Rxe5 Qd1+ 55. Bg1 Rxe5 56. Qf8# 1-0

[Event "Satka Autumn op (Women)"]
[Site "Satka"]
[Date "2013.09.08"]
[Round "6"]
[White "Suslova, Alena"]
[Black "Shaydullina, Sandugach"]
[Result "1-0"]
[WhiteElo "2209"]
[BlackElo "2128"]
[PlyCount "121"]
[EventDate "2013.09.03"]
[EventType "swiss"]
[EventRounds "9"]
[EventCountry "RUS"]
[SourceTitle "CBM 156 Extra"]
[Source "ChessBase"]
[SourceDate "2013.10.22"]
[SourceVersion "1"]
[SourceVersionDate "2013.10.22"]
[SourceQuality "1"]

1. c4 Nf6 2. Nc3 e5 3. g3 c6 4. Nf3 e4 5. Nd4 d5 6. cxd5 cxd5 7. Bg2 Bc5 8. Nb3 Bb6 9. d3 e3 10. Bxe3 Bxe3 11. fxe3 0-0 12. 0-0 Nc6 13. Qd2 Re8 14. Kh1 Re5 15. e4 dxe4 16. Nxe4 Ng4 17. Qf4 Qe7 18. Bf3 h5 19. Rae1 a5 20. h3 Nh6 21. Nf2 Nb4 22. e4 Nxa2 23. Ra1 Nb4 24. d4 Rb5 25. Be2 Nd3 26. Nxd3 Rxb3 27. Rfd1 Bxh3 28. Bxh5 g5 29. Qf3 Bd7 30. Ra3 Rb5 31. g4 f5 32. gxf5 Nxf5 33. Ne5 Be6 34. Bf7+ Bxf7 35. Qxf5 Ra6 36. Rh3 Be8 37. Rg1 Rxe5 38. dxe5 Rg6 39. Rh5 Qc7 40. Rhxg5 Qh7+ 41. Kg2 Rxg5+ 42. Qxg5+ Qg6 43. Qxg6+ Bxg6 44. Kf3 Kf7 45. Kf4 Bh5 46. Rc1 b5 47. Kg5 Be2 48. Rc6 Bc4 49. Kf5 Ke7 50. Rc7+ Kd8 51. Ra7 a4 52. Kf6 Kc8 53. e6 Kb8 54. Rh7 b4 55. e7 Bb5 56. Rh8+ Kb7 57. e8Q Bxe8 58. Rxe8 a3 59. bxa3 bxa3 60. Rh8 a2 61. Rh1 1-0

[Event "Satka Autumn op (Women)"]
[Site "Satka"]
[Date "2013.09.07"]
[Round "5"]
[White "Makarenko, Alexandra"]
[Black "Suslova, Alena"]
[Result "1-0"]
[WhiteElo "2103"]
[BlackElo "2209"]
[PlyCount "95"]
[EventDate "2013.09.03"]
[EventType "swiss"]
[EventRounds "9"]
[EventCountry "RUS"]
[SourceTitle "CBM 156 Extra"]
[Source "ChessBase"]
[SourceDate "2013.10.22"]
[SourceVersion "1"]
[SourceVersionDate "2013.10.22"]
[SourceQuality "1"]

1. e4 c5 2. Nf3 g6 3. d4 cxd4 4. Nxd4 Nf6 5. Nc3 Nc6 6. Bc4 Bg7 7. Nxc6 bxc6 8. e5 Ng8 9. Qf3 e6 10. Bf4 f5 11. 0-0-0 Qc7 12. Rd6 Ne7 13. Rhd1 Rb8 14. h4 Qa5 15. Qg3 Rb4 16. b3 Rg8 17. Kb2 Qc5 18. a3 Rb8 19. Ka2 Nd5 20. Na4 Qa5 21. Bxd5 cxd5 22. Qe3 Bf8 23. Qd4 Rb7 24. Rd3 Rc7 25. Rc3 Rxc3 26. Nxc3 Bb7 27. Na4 Bc6 28. Nc5 Bxd6 29. exd6 Kd8 30. a4 Qe1 31. Kb2 Kc8 32. Bd2 Qe2 33. Be3 Qg4 34. f4 Qxh4 35. Nd3 Kd8 36. Qxa7 Ke8 37. Ne5 Qf6 38. Bd4 Qd8 39. a5 Qa8 40. Qc5 g5 41. Qc3 g4 42. Qg3 Qb8 43. Qh4 Qxd6 44. Qh5+ Rg6 45. Qxh7 Rf6 46. Nxc6 Rf7 47. Qh8+ Rf8 48. Qh5+ 1-0

[Event "Satka Autumn op (Women)"]
[Site "Satka"]
[Date "2013.09.05"]
[Round "3"]
[White "Bodnaruk, Anastasia"]
[Black "Suslova, Alena"]
[Result "1-0"]
[WhiteElo "2462"]
[BlackElo "2209"]
[PlyCount "81"]
[EventDate "2013.09.03"]
[EventType "swiss"]
[EventRounds "9"]
[EventCountry "RUS"]
[SourceTitle "CBM 156 Extra"]
[Source "ChessBase"]
[SourceDate "2013.10.22"]
[SourceVersion "1"]
[SourceVersionDate "2013.10.22"]
[SourceQuality "1"]

1. e4 c5 2. Nf3 Nc6 3. d4 cxd4 4. Nxd4 Nf6 5. Nc3 e6 6. Nxc6 bxc6 7. e5 Nd5 8. Ne4 Qc7 9. f4 Qb6 10. c4 Bb4+ 11. Ke2 f5 12. Nf2 Ba6 13. Kf3 Ne7 14. Be3 Bc5 15. Bxc5 Qxc5 16. Qd6 Qb6 17. b3 c5 18. Rd1 Qxd6 19. exd6 Ng8 20. Nd3 Rc8 21. Ne5 Nf6 22. h3 0-0 23. Ke3 Ne4 24. Rg1 Bb7 25. g4 Rcd8 26. Bg2 Ba8 27. h4 Kh8 28. h5 a5 29. Bf3 Nf6 30. Bxa8 Rxa8 31. g5 Ng4+ 32. Rxg4 fxg4 33. Nxd7 Rf5 34. Ne5 Kg8 35. Nc6 Rff8 36. d7 Rfd8 37. g6 h6 38. Ke4 Kf8 39. Ke5 g3 40. Nxd8 Rxd8 41. Kxe6 1-0

[Event "Kostroma Summer"]
[Site "Kostroma"]
[Date "2013.07.05"]
[Round "2"]
[White "Druzhinin, Alexey Vas"]
[Black "Suslova, Alena"]
[Result "0-1"]
[WhiteElo "2309"]
[BlackElo "2188"]
[PlyCount "66"]
[EventDate "2013.07.04"]
[EventType "tourn"]
[EventRounds "9"]
[EventCountry "RUS"]
[EventCategory "1"]
[SourceTitle "EXT 2014"]
[Source "ChessBase"]
[SourceDate "2013.11.20"]
[SourceVersion "1"]
[SourceVersionDate "2013.11.20"]
[SourceQuality "1"]

1. e4 c5 2. Nf3 Nc6 3. d4 cxd4 4. Nxd4 g6 5. Be3 Bg7 6. c3 Nf6 7. Nd2 0-0 8. Be2 d5 9. f3 e5 10. Nxc6 bxc6 11. exd5 cxd5 12. Bc5 Re8 13. Bb5 Bd7 14. Bxd7 Nxd7 15. Nb3 Nxc5 16. Nxc5 Qh4+ 17. g3 Qc4 18. Nb3 e4 19. f4 a5 20. Nd4 Rab8 21. Qe2 Bxd4 22. Qxc4 dxc4 23. cxd4 Rxb2 24. 0-0 Rd8 25. Rfd1 c3 26. Rac1 Rd2 27. Re1 c2 28. Rxe4 Rd1+ 29. Re1 Rxe1+ 30. Rxe1 Rxd4 31. Kf2 Rd1 32. Re8+ Kg7 33. Rc8 c1Q 0-1

[Event "Kostroma Summer"]
[Site "Kostroma"]
[Date "2013.07.04"]
[Round "1"]
[White "Suslova, Alena"]
[Black "Mikhailov, Viacheslav"]
[Result "1/2-1/2"]
[WhiteElo "2188"]
[BlackElo "2295"]
[PlyCount "91"]
[EventDate "2013.07.04"]
[EventType "tourn"]
[EventRounds "9"]
[EventCountry "RUS"]
[EventCategory "1"]
[SourceTitle "EXT 2014"]
[Source "ChessBase"]
[SourceDate "2013.11.20"]
[SourceVersion "1"]
[SourceVersionDate "2013.11.20"]
[SourceQuality "1"]

1. c4 Nf6 2. d4 e6 3. g3 d5 4. Nf3 Bb4+ 5. Bd2 Be7 6. Bg2 0-0 7. 0-0 Ne4 8. Bc1 c6 9. Qc2 Nd7 10. Ne1 Nd6 11. Nd2 Nxc4 12. Nxc4 dxc4 13. Qxc4 e5 14. dxe5 Nxe5 15. Qe4 Bf6 16. Nc2 Re8 17. h3 Be6 18. Ne3 Nd7 19. Qc2 Qb6 20. Kh2 Qa6 21. Be4 g6 22. Bd3 Qb6 23. Ng2 Qc5 24. Nf4 Qxc2 25. Bxc2 Bc4 26. Rd1 Nb6 27. e4 Rad8 28. Rxd8 Rxd8 29. a4 Ba6 30. Ra3 Nc4 31. Rd3 Re8 32. b3 Ne5 33. Rd1 Nf3+ 34. Kg2 Nd4 35. Bb2 c5 36. Nd5 Be5 37. Bxd4 cxd4 38. f4 Bg7 39. Kf3 Rd8 40. Nb4 Rc8 41. Nxa6 bxa6 42. Rd2 Rc3+ 43. Kg2 g5 44. Bd3 gxf4 45. gxf4 Rxb3 46. Bxa6 1/2-1/2

[Event "RUS-ch U20 Girls"]
[Site "Loo"]
[Date "2013.04.21"]
[Round "6"]
[White "Belenkaya, Dina"]
[Black "Suslova, Alena"]
[Result "1-0"]
[WhiteElo "2180"]
[BlackElo "2194"]
[PlyCount "87"]
[EventDate "2013.04.16"]
[EventType "tourn"]
[EventRounds "9"]
[EventCountry "RUS"]
[SourceTitle "CBM 154 Extra"]
[Source "ChessBase"]
[SourceDate "2013.06.25"]
[SourceVersion "2"]
[SourceVersionDate "2013.06.25"]
[SourceQuality "1"]

1. e4 c5 2. Nf3 g6 3. d4 cxd4 4. Nxd4 Nf6 5. Nc3 d6 6. Be2 Bg7 7. 0-0 0-0 8. Be3 Nc6 9. Qd2 Ng4 10. Bxg4 Bxg4 11. Nd5 Rc8 12. Rac1 Bd7 13. c4 Ne5 14. b3 Ng4 15. Bg5 f6 16. Bf4 f5 17. exf5 gxf5 18. Bg5 Nf6 19. Rfe1 e5 20. Nb5 Bxb5 21. cxb5 Rxc1 22. Rxc1 Rf7 23. Rc4 Qf8 24. Bxf6 Bxf6 25. Nxf6+ Rxf6 26. Rc7 b6 27. Rxa7 Kh8 28. Qd5 Qh6 29. Rc7 Rf8 30. Qb7 f4 31. Rc8 f3 32. Rxf8+ Qxf8 33. Qxf3 Qc8 34. g3 Kg7 35. a4 Qc5 36. Qc6 Qd4 37. Qc4 Qd1+ 38. Kg2 Kf6 39. a5 bxa5 40. b6 e4 41. Qxe4 Kg7 42. Qe7+ Kg6 43. Qe6+ Kg7 44. b7 1-0

[Event "RUS-ch U20 Girls"]
[Site "Loo"]
[Date "2013.04.19"]
[Round "4"]
[White "Petrova, Olga"]
[Black "Suslova, Alena"]
[Result "0-1"]
[WhiteElo "2238"]
[BlackElo "2194"]
[PlyCount "72"]
[EventDate "2013.04.16"]
[EventType "tourn"]
[EventRounds "9"]
[EventCountry "RUS"]
[SourceTitle "CBM 154 Extra"]
[Source "ChessBase"]
[SourceDate "2013.06.25"]
[SourceVersion "2"]
[SourceVersionDate "2013.06.25"]
[SourceQuality "1"]

1. e4 c5 2. Nf3 Nc6 3. Nc3 e6 4. d4 cxd4 5. Nxd4 Nf6 6. Ndb5 Bb4 7. Nd6+ Ke7 8. Nxc8+ Rxc8 9. Bd2 d5 10. exd5 Nxd5 11. Nxd5+ Qxd5 12. c3 Bc5 13. b4 Bb6 14. Qe2 Rhd8 15. Rd1 Kf8 16. a4 a5 17. b5 Ne5 18. h4 Rd7 19. Rh3 Rcd8 20. h5 Qc5 21. h6 g6 22. g4 Nxg4 23. Rf3 Qxf2+ 24. Qxf2 Nxf2 25. Rxf2 Bxf2+ 26. Ke2 Bh4 27. Bg2 b6 28. Bc6 Rd3 29. c4 Be7 30. Bf3 Bc5 31. Bc6 R3d4 32. Bf3 Rxc4 33. Bc3 Rxd1 34. Bg7+ Ke7 35. Kxd1 Rxa4 36. Be2 Rh4 0-1

[Event "Moscow op-B"]
[Site "Moscow"]
[Date "2013.02.08"]
[Round "7"]
[White "Suslova, Alena"]
[Black "Fominykh, Maria"]
[Result "0-1"]
[WhiteElo "2189"]
[BlackElo "2284"]
[PlyCount "162"]
[EventDate "2013.02.02"]
[EventType "swiss"]
[EventRounds "9"]
[EventCountry "RUS"]
[SourceTitle "CBM 152 Extra"]
[Source "ChessBase"]
[SourceDate "2013.02.25"]
[SourceVersion "1"]
[SourceVersionDate "2013.02.25"]
[SourceQuality "1"]

1. Nf3 Nf6 2. g3 d5 3. c4 c6 4. d4 g6 5. Bg2 Bg7 6. 0-0 0-0 7. Nbd2 a6 8. a4 a5 9. Qb3 Na6 10. cxd5 cxd5 11. Nb1 Nb4 12. Bd2 Bf5 13. Na3 Qb6 14. Nb5 Bc2 15. Qa3 Rfc8 16. Bxb4 axb4 17. Qxb4 Bf8 18. a5 Qa6 19. Na3 e6 20. Qe1 Bb3 21. Ne5 Qxa5 22. Qxa5 Rxa5 23. Nc2 Rxa1 24. Nxa1 Ba4 25. f3 Bb5 26. Kf2 Ne8 27. Rd1 Bb4 28. Bf1 f6 29. Ng4 Ba4 30. b3 Bd7 31. Ne3 Rc3 32. Rb1 Nd6 33. Nd1 Rc8 34. Ne3 Nb5 35. Nac2 Bd2 36. Rd1 Ba5 37. b4 Bb6 38. Ke1 Ra8 39. Ng4 Kg7 40. e3 Ra2 41. Bd3 Nc3 42. Ra1 Rxa1+ 43. Nxa1 Na2 44. Nc2 Nxb4 45. Nxb4 Ba5 46. Nf2 Bxb4+ 47. Kd1 e5 48. Ke2 Bc3 49. dxe5 fxe5 50. Nd1 Ba5 51. Nf2 h5 52. g4 hxg4 53. Nxg4 e4 54. Bc2 Bf5 55. Ba4 exf3+ 56. Kxf3 Bc7 57. Nf2 Bxh2 58. Bb3 Be6 59. Kg2 Bc7 60. e4 Kf6 61. exd5 Bf5 62. Kf3 Ke5 63. Ng4+ Kd4 64. Nf2 b5 65. Nd1 Be4+ 66. Kg4 Bd6 67. Nf2 Bf5+ 68. Kf3 Kc3 69. Bd1 b4 70. Ne4+ Bxe4+ 71. Kxe4 b3 72. Be2 Kd2 73. Bc4 b2 74. Ba2 Kc2 75. Kf3 b1Q 76. Bxb1+ Kxb1 77. Kg4 Be7 78. d6 Bd8 79. Kf4 Kc2 80. Ke5 g5 81. Kf5 Kd3 0-1

[Event "St Petersburg Botvinnik Memorial op"]
[Site "St Petersburg"]
[Date "2012.08.30"]
[Round "6"]
[White "Gavrilov, Alexei"]
[Black "Suslova, Alena"]
[Result "1-0"]
[WhiteElo "2496"]
[BlackElo "2196"]
[PlyCount "99"]
[EventDate "2012.08.25"]
[EventType "swiss"]
[EventRounds "9"]
[EventCountry "RUS"]
[SourceTitle "CBM 150 Extra"]
[Source "ChessBase"]
[SourceDate "2012.10.19"]
[SourceVersion "1"]
[SourceVersionDate "2012.10.19"]
[SourceQuality "1"]

1. e4 c5 2. Nf3 d6 3. d4 cxd4 4. Nxd4 Nf6 5. f3 e5 6. Nb3 d5 7. Bg5 Be6 8. Bxf6 gxf6 9. exd5 Qxd5 10. Qxd5 Bxd5 11. Nc3 Be6 12. 0-0-0 Bh6+ 13. Kb1 Ke7 14. Nd5+ Bxd5 15. Rxd5 Be3 16. Bd3 Nc6 17. Bf5 Rad8 18. Rxd8 Nxd8 19. Rd1 Ne6 20. Na5 Bb6 21. Nxb7 Rb8 22. Be4 f5 23. Bc6 Nd4 24. Bd5 f4 25. a4 Rg8 26. a5 Bc7 27. c3 Nf5 28. Bc6 Nd6 29. Nxd6 Bxd6 30. Rd2 Rc8 31. Be4 h6 32. Kc2 Ke6 33. Bd5+ Ke7 34. Be4 f6 35. Bf5 Rc7 36. Kd3 Bc5 37. b4 Bg1 38. h3 Rb7 39. Kc4 Be3 40. Rd3 Bf2 41. Kd5 Rc7 42. c4 Be1 43. Rb3 Rb7 44. b5 Bxa5 45. c5 Ke8 46. b6 axb6 47. Kc6 Rb8 48. cxb6 Rd8 49. b7 Rb8 50. Ra3 1-0